[Event "Titled Tuesday intern op 30th Apr Early"]
[Site "Chess.com INT"]
[Date "2024.04.30"]
[Round "6"]
[White "Anishka, Vikram"]
[Black "Rietze, Clemens"]
[Result "0-1"]
[WhiteElo "2036"]
[BlackElo "2367"]
[PlyCount "140"]
[EventDate "2024.04.30"]
[EventType "swiss (blitz)"]
[EventRounds "11"]
[EventCountry "USA"]
[SourceTitle "CB19_2024"]
[SourceDate "2024.05.08"]
[SourceVersion "1"]
[SourceVersionDate "2024.05.08"]
[SourceQuality "1"]

1. d4 d5 2. c4 e6 3. Nc3 c5 4. cxd5 exd5 5. dxc5 d4 6. Na4 b5 7. cxb6 axb6 8. b3 b5 9. Nb2 Bb4+ 10. Bd2 Nc6 11. Nf3 Nf6 12. Rc1 Bb7 13. Bxb4 Nxb4 14. Qxd4 Qxd4 15. Nxd4 Rxa2 16. Nxb5 0-0 17. Nc4 Re8 18. f3 Nd3+ 19. Kd1 Nf2+ 20. Ke1 Nxh1 21. Ncd6 Bc6 22. Rxc6 Ra1+ 23. Kd2 Rd8 24. Rc1 Rxc1 25. Kxc1 Nd5 26. e4 Ne3 27. Be2 Nxg2 28. Nc4 Nf4 29. Bf1 Nf2 30. Nbd6 g6 31. b4 N2d3+ 32. Kd2 Nxb4 33. Ke3 Ne6 34. Be2 Nc2+ 35. Kf2 Ncd4 36. Bf1 h5 37. Nb7 Rb8 38. Ncd6 Kg7 39. Ke3 h4 40. f4 Nc6 41. f5 gxf5 42. exf5 Ng5 43. Kf4 Kf6 44. Nc5 Rb4+ 45. Ke3 Ne5 46. Nde4+ Nxe4 47. Nxe4+ Kxf5 48. Bh3+ Kg6 49. Kf4 Nd3+ 50. Ke3 Rxe4+ 51. Kxe4 Nf2+ 52. Kf3 Nxh3 53. Kg4 Ng5 54. Kxh4 Kf5 55. Kg3 Ne4+ 56. Kf3 Ng5+ 57. Kg3 Ne6 58. h4 Kg6 59. Kg4 f5+ 60. Kg3 Kh5 61. Kh3 f4 62. Kg2 Kxh4 63. Kf3 Kg5 64. Kf2 Kg4 65. Kg2 f3+ 66. Kf2 Kf4 67. Kf1 Kg3 68. Kg1 f2+ 69. Kf1 Ng5 70. Ke2 Kg2 0-1

[Event "Titled Tuesday intern op 30th Apr Early"]
[Site "Chess.com INT"]
[Date "2024.04.30"]
[Round "7"]
[White "Domingo Nunez, Alejandro"]
[Black "Rietze, Clemens"]
[Result "0-1"]
[WhiteElo "2318"]
[BlackElo "2367"]
[PlyCount "48"]
[EventDate "2024.04.30"]
[EventType "swiss (blitz)"]
[EventRounds "11"]
[EventCountry "USA"]
[SourceTitle "CB19_2024"]
[SourceDate "2024.05.08"]
[SourceVersion "1"]
[SourceVersionDate "2024.05.08"]
[SourceQuality "1"]

1. Nf3 d5 2. g3 c5 3. Bg2 Nc6 4. d4 e6 5. 0-0 cxd4 6. Nxd4 Bc5 7. Nxc6 bxc6 8. c4 Nf6 9. Qc2 Qe7 10. Nc3 0-0 11. e4 Bd4 12. exd5 cxd5 13. cxd5 Bxc3 14. d6 Qxd6 15. Bxa8 Bd4 16. Bg2 Ba6 17. Rd1 Ng4 18. h3 Nxf2 19. Rxd4 Nxh3+ 20. Bxh3 Qxd4+ 21. Kh2 Rc8 22. Qg2 Qd1 23. Qg1 Rc2+ 24. Bg2 Qh5# 0-1

[Event "Titled Tuesday intern op 30th Apr Early"]
[Site "Chess.com INT"]
[Date "2024.04.30"]
[Round "9"]
[White "Kunal, M."]
[Black "Rietze, Clemens"]
[Result "1-0"]
[WhiteElo "2250"]
[BlackElo "2367"]
[PlyCount "103"]
[EventDate "2024.04.30"]
[EventType "swiss (blitz)"]
[EventRounds "11"]
[EventCountry "USA"]
[SourceTitle "CB19_2024"]
[SourceDate "2024.05.08"]
[SourceVersion "1"]
[SourceVersionDate "2024.05.08"]
[SourceQuality "1"]

1. e4 e5 2. Nf3 Nc6 3. Bb5 a6 4. Ba4 Nf6 5. 0-0 d6 6. c4 Bg4 7. h3 Bxf3 8. Bxc6+ bxc6 9. Qxf3 Be7 10. Nc3 0-0 11. Rd1 Re8 12. d4 exd4 13. Rxd4 Qc8 14. b3 g6 15. Bb2 Nh5 16. Rad1 Bf6 17. R4d2 Bg7 18. Na4 Qe6 19. Bxg7 Kxg7 20. Nc3 Re7 21. Re2 Rae8 22. Rde1 Qf6 23. Qxf6+ Kxf6 24. g3 Kg7 25. Kg2 Nf6 26. f4 Nd7 27. Kf3 a5 28. h4 h5 29. Re3 Nf6 30. e5 Ng4 31. R3e2 dxe5 32. fxe5 Rxe5 33. Rxe5 Nxe5+ 34. Kg2 f6 35. Na4 Rd8 36. Re2 Kf7 37. Nc5 Rd4 38. Kf2 Ng4+ 39. Kg2 Ne5 40. Kf2 Ke7 41. Kg2 Kd6 42. Nb7+ Ke6 43. Nxa5 g5 44. hxg5 Rg4 45. gxf6 Kxf6 46. Kh3 Nf7 47. Rf2+ Kg6 48. Nxc6 Ng5+ 49. Kh2 Ne4 50. Ne5+ Kg5 51. Nxg4 Kxg4 52. Rf4+ 1-0

[Event "Titled Tuesday intern op 30th Apr Early"]
[Site "Chess.com INT"]
[Date "2024.04.30"]
[Round "5"]
[White "Rietze, Clemens"]
[Black "Kim, Sergey2"]
[Result "0-1"]
[WhiteElo "2367"]
[BlackElo "2295"]
[PlyCount "94"]
[EventDate "2024.04.30"]
[EventType "swiss (blitz)"]
[EventRounds "11"]
[EventCountry "USA"]
[SourceTitle "CB19_2024"]
[SourceDate "2024.05.08"]
[SourceVersion "1"]
[SourceVersionDate "2024.05.08"]
[SourceQuality "1"]

1. d4 Nf6 2. c4 g6 3. h4 Bg7 4. Nc3 d6 5. e4 e5 6. d5 0-0 7. Be2 h5 8. Nf3 Nbd7 9. 0-0 Nc5 10. Ng5 c6 11. Be3 cxd5 12. cxd5 a5 13. a4 Ng4 14. Bxc5 dxc5 15. g3 Bh6 16. Nf3 f5 17. exf5 Bxf5 18. Qb3 e4 19. Nh2 e3 20. Nxg4 hxg4 21. fxe3 Bxe3+ 22. Kh2 Bd4 23. Nb5 Bg7 24. d6+ Kh8 25. Rad1 Qd7 26. Nc7 Rad8 27. Bb5 Qc8 28. Qc4 b6 29. b3 Be5 30. Nd5 Rxd6 31. Ne7 Qe6 32. Nxf5 gxf5 33. Qxe6 Rxe6 34. Bc4 Re7 35. Rd5 f4 36. gxf4 Bxf4+ 37. Kg2 Kg7 38. Rd3 Re2+ 39. Rf2 Rxf2+ 40. Kxf2 Be5+ 41. Kg2 Bd4 42. Rd2 Kh6 43. Re2 Kh5 44. Re6 Kxh4 45. Rxb6 Rf2+ 46. Kh1 Kg3 47. Re6 Rh2# 0-1

[Event "Titled Tuesday intern op 13th Feb Early"]
[Site "Chess.com INT"]
[Date "2024.02.13"]
[Round "9"]
[White "Shubenkova, Veronika"]
[Black "Rietze, Clemens"]
[Result "0-1"]
[WhiteElo "2007"]
[BlackElo "2343"]
[PlyCount "106"]
[EventDate "2024.02.13"]
[EventType "swiss (blitz)"]
[EventRounds "11"]
[EventCountry "USA"]
[SourceTitle "CB08_2024"]
[SourceDate "2024.02.21"]
[SourceVersion "1"]
[SourceVersionDate "2024.02.21"]
[SourceQuality "1"]

1. d4 Nf6 2. e3 d5 3. f4 e6 4. Nf3 Be7 5. c3 b6 6. Bd3 Bb7 7. Nbd2 Ne4 8. Ne5 g6 9. Nxe4 dxe4 10. Bb5+ c6 11. Be2 f6 12. Ng4 h5 13. Nf2 c5 14. Bb5+ Kf7 15. 0-0 a6 16. Ba4 cxd4 17. cxd4 b5 18. Bc2 f5 19. a3 Nd7 20. b4 Nb6 21. Bb3 Bd5 22. Bb2 Rc8 23. Bxd5 Qxd5 24. Qe2 Rc4 25. Rac1 Rhc8 26. Rxc4 Rxc4 27. Rc1 Na4 28. Nd1 Rxc1 29. Bxc1 Qb3 30. Qd2 Nb6 31. Nc3 Nc4 32. Qe1 Bf6 33. Bd2 Qxa3 34. d5 Nxd2 35. dxe6+ Kxe6 36. Qxd2 Qxc3 37. Qa2+ Ke7 38. h3 Qxe3+ 39. Kh1 Qc1+ 40. Kh2 Qxf4+ 41. g3 Qd6 42. Qg8 Kd7 43. Qxg6 Qe6 44. Qxh5 e3 45. Qd1+ Ke7 46. Qe2 Bd4 47. Kg2 Qc4 48. Qh5 Qc2+ 49. Kh1 e2 50. Qh7+ Kd6 51. Qg6+ Kd5 52. Qf7+ Ke4 53. Qe6+ Be5 0-1

[Event "Titled Tuesday intern op 06th Feb Late"]
[Site "Chess.com INT"]
[Date "2024.02.06"]
[Round "10"]
[White "Cueto, Jose"]
[Black "Rietze, Clemens"]
[Result "1-0"]
[WhiteElo "2095"]
[BlackElo "2343"]
[PlyCount "81"]
[EventDate "2024.02.06"]
[EventType "swiss (blitz)"]
[EventRounds "11"]
[EventCountry "USA"]
[SourceTitle "CB07_2024"]
[SourceDate "2024.02.14"]
[SourceVersion "1"]
[SourceVersionDate "2024.02.14"]
[SourceQuality "1"]

1. d4 d5 2. Bf4 e6 3. e3 c5 4. Nf3 Bd6 5. Ne5 Qc7 6. Nd2 Nd7 7. Ndf3 Nxe5 8. dxe5 Be7 9. c4 Qa5+ 10. Qd2 Qxd2+ 11. Kxd2 Bd7 12. cxd5 exd5 13. Rd1 0-0-0 14. Kc1 Be6 15. h3 h6 16. Be2 g5 17. Bh2 Bf8 18. Kb1 Ne7 19. Rc1 Nc6 20. Rhd1 Kb8 21. a3 Be7 22. Ka1 a6 23. Nd2 b5 24. Nb3 c4 25. Nd4 Kb7 26. Nxe6 fxe6 27. Bg4 b4 28. Bxe6 bxa3 29. bxa3 Bxa3 30. Rb1+ Nb4 31. Bxd5+ Ka7 32. Bxc4 Nc2+ 33. Ka2 Bc5 34. Rxd8 Rxd8 35. Rc1 Rd2 36. Kb3 Nb4 37. e6 Rxf2 38. Bxa6 Be7 39. Bc4 Bc5 40. Bc7 Kb7 41. Bd8 1-0

[Event "Titled Tuesday intern op 16th Jan Early"]
[Site "Chess.com INT"]
[Date "2024.01.16"]
[Round "1"]
[White "Rietze, Clemens"]
[Black "Erigaisi, Arjun Kumar"]
[Result "0-1"]
[WhiteElo "2341"]
[BlackElo "2738"]
[PlyCount "50"]
[EventDate "2024.01.16"]
[EventType "swiss (blitz)"]
[EventRounds "11"]
[EventCountry "USA"]
[SourceTitle "CB04_2024"]
[SourceDate "2023.10.16"]
[SourceVersion "1"]
[SourceVersionDate "2023.10.16"]
[SourceQuality "1"]

1. d4 Nf6 2. c4 d6 3. Nc3 Nbd7 4. e4 g6 5. Be3 Bg7 6. f3 e5 7. d5 a5 8. Bd3 Nc5 9. Bc2 Nh5 10. Qd2 f5 11. exf5 gxf5 12. Nge2 0-0 13. 0-0-0 Kh8 14. Rhg1 Qh4 15. b3 a4 16. Bg5 Qxh2 17. Rh1 Qxg2 18. Rxh5 axb3 19. axb3 Ra1+ 20. Kb2 Rxd1 21. Bxd1 e4 22. Nc1 exf3 23. Rh2 Bxc3+ 24. Kxc3 Ne4+ 25. Kc2 Nxd2 0-1

[Event "Titled Tuesday intern op 09th Jan Early"]
[Site "Chess.com INT"]
[Date "2024.01.09"]
[Round "2"]
[White "Krzyzanowski, Marcin"]
[Black "Rietze, Clemens"]
[Result "1-0"]
[WhiteElo "2519"]
[BlackElo "2341"]
[PlyCount "111"]
[EventDate "2024.01.09"]
[EventType "swiss (blitz)"]
[EventRounds "11"]
[EventCountry "USA"]
[SourceTitle "CB03_2024"]
[SourceDate "2024.01.17"]
[SourceVersion "1"]
[SourceVersionDate "2024.01.17"]
[SourceQuality "1"]

1. e4 c5 2. Nf3 Nc6 3. Bb5 e6 4. Bxc6 bxc6 5. d3 f6 6. h4 d5 7. Qe2 Bd6 8. c4 Ne7 9. h5 0-0 10. Nc3 Bd7 11. h6 g6 12. e5 fxe5 13. Bg5 Qc7 14. Bxe7 Bxe7 15. Qxe5 Qxe5+ 16. Nxe5 Rad8 17. Na4 Bd6 18. Nxd7 Rxd7 19. Ke2 Kf7 20. Rac1 Rc8 21. b3 g5 22. Nc3 Kg6 23. Nd1 Bf4 24. Rc2 g4 25. Ne3 Bxh6 26. Nxg4 Bg7 27. f3 h5 28. Nf2 Bd4 29. Nh3 Kf5 30. Nf2 Rh7 31. g4+ Kg6 32. Nh3 Be5 33. cxd5 cxd5 34. Nf2 Bd6 35. d4 hxg4 36. fxg4 Rxh1 37. Nxh1 c4 38. Nf2 Kg5 39. bxc4 dxc4 40. Ne4+ Kxg4 41. Nxd6 Rc6 42. Nxc4 Ra6 43. Kd3 Kf5 44. Rf2+ Kg5 45. a3 Rc6 46. Rg2+ Kf4 47. Ne5 Rc1 48. Rg7 Rd1+ 49. Kc3 Rc1+ 50. Kd2 Ra1 51. Rxa7 Ra2+ 52. Kd3 Rh2 53. Rf7+ Kg5 54. Nf3+ Kg6 55. Nxh2 Kxf7 56. a4 1-0

[Event "Titled Tuesday intern op 14th Nov Early"]
[Site "Chess.com INT"]
[Date "2023.11.14"]
[Round "6"]
[White "Dmitrenko, Viktor"]
[Black "Rietze, Clemens"]
[Result "0-1"]
[WhiteElo "2395"]
[BlackElo "2325"]
[PlyCount "34"]
[EventDate "2023.11.14"]
[EventType "swiss (blitz)"]
[EventRounds "11"]
[EventCountry "USA"]
[SourceTitle "CB47_2023"]
[SourceDate "2023.11.22"]
[SourceVersion "1"]
[SourceVersionDate "2023.11.22"]
[SourceQuality "1"]

1. e4 c5 2. Nf3 Nc6 3. Bb5 e6 4. 0-0 Nge7 5. Re1 Ng6 6. c3 d5 7. exd5 Qxd5 8. d4 cxd4 9. Nxd4 Bd7 10. Bxc6 bxc6 11. Nf3 Bd6 12. Nbd2 0-0 13. Ne4 Be7 14. Qc2 Qh5 15. Ng3 Qa5 16. b4 Qc7 17. Nf5 exf5 0-1

[Event "Titled Tuesday intern op 14th Nov Early"]
[Site "Chess.com INT"]
[Date "2023.11.14"]
[Round "1"]
[White "Rietze, Clemens"]
[Black "Daneshvar, Bardiya"]
[Result "0-1"]
[WhiteElo "2325"]
[BlackElo "2591"]
[PlyCount "80"]
[EventDate "2023.11.14"]
[EventType "swiss (blitz)"]
[EventRounds "11"]
[EventCountry "USA"]
[SourceTitle "CB47_2023"]
[SourceDate "2023.11.22"]
[SourceVersion "1"]
[SourceVersionDate "2023.11.22"]
[SourceQuality "1"]

1. d4 Nf6 2. c4 a6 3. Nc3 c5 4. d5 b5 5. cxb5 axb5 6. Nxb5 Ne4 7. Nc3 Nxc3 8. bxc3 g6 9. g3 Bg7 10. Bd2 0-0 11. Bg2 d6 12. Nf3 Ra3 13. 0-0 Qa5 14. Qc1 Nd7 15. Ne1 Ne5 16. Nc2 Ra4 17. Ne3 Ba6 18. Re1 Nc4 19. Nxc4 Bxc4 20. Qb2 Ra3 21. e4 Bxc3 22. Bxc3 Qxc3 23. Qxc3 Rxc3 24. a4 Ra8 25. a5 Rb3 26. Ra4 Bb5 27. Ra2 Rb4 28. Rea1 Bd3 29. f3 f5 30. exf5 Bc4 31. Ra4 Bxd5 32. fxg6 hxg6 33. f4 Bxg2 34. Kxg2 Rb2+ 35. Kf3 Ra6 36. h4 d5 37. Re1 Kf7 38. f5 gxf5 39. Rc1 c4 40. Kf4 Kf6 0-1